[Event "IECC TH-M email"]
[Site "IECC email"]
[Date "2003.??.??"]
[Round "?"]
[White "Daugherty, Frank"]
[Black "Glas, Karl"]
[Result "1-0"]
[WhiteElo "1208"]
[BlackElo "1457"]
[PlyCount "63"]
[EventDate "2003.??.??"]
[EventType "match (corr)"]
[EventRounds "2"]
[SourceTitle "Corr 2008"]
[Source "ChessBase"]
[SourceDate "2008.06.24"]
[SourceVersion "1"]
[SourceVersionDate "2008.06.24"]
[SourceQuality "1"]

1. e4 c5 2. Nf3 d6 3. d4 cxd4 4. Nxd4 Nf6 5. Nc3 g6 6. Be3 Bg7 7. f3 Nc6 8. Qd2 0-0 9. g4 Bd7 10. 0-0-0 Ne5 11. h3 Rc8 12. Bh6 Nc4 13. Bxc4 Rxc4 14. g5 e5 15. Qe2 Qc8 16. gxf6 Bxh6+ 17. Kb1 Rxd4 18. Rdg1 Bb5 19. Nxb5 Rc4 20. Nxd6 Qc5 21. Nxc4 Qxc4 22. Qxc4 a6 23. Rd1 b5 24. Qc5 Bg5 25. Rd6 h5 26. Rhd1 Kh7 27. Rd8 Bxf6 28. Qxf8 Bg7 29. Qg8+ Kh6 30. R1d7 f5 31. h4 g5 32. Qxg7# 1-0

[Event "IECC M email"]
[Site "IECC email"]
[Date "2002.04.12"]
[Round "?"]
[White "Daugherty, Frank"]
[Black "Legarda Iturrioz, Jose Javier"]
[Result "0-1"]
[WhiteElo "1192"]
[BlackElo "1340"]
[PlyCount "108"]
[EventDate "2002.??.??"]
[EventType "tourn (corr)"]
[EventRounds "6"]
[SourceTitle "Corr 2008"]
[Source "ChessBase"]
[SourceDate "2008.06.24"]
[SourceVersion "1"]
[SourceVersionDate "2008.06.24"]
[SourceQuality "1"]

1. e4 e5 2. Nf3 Nc6 3. Bc4 Nf6 4. d3 Bc5 5. Nc3 d6 6. Na4 Bb6 7. Bd2 Bg4 8. Nxb6 axb6 9. Bc3 0-0 10. 0-0 d5 11. exd5 Nxd5 12. h3 Nxc3 13. bxc3 Bh5 14. Re1 Re8 15. Qe2 Qf6 16. Bd5 e4 17. Bxe4 Qxc3 18. Qd2 Qxd2 19. Nxd2 Rad8 20. c3 f6 21. c4 Nb4 22. Bd5+ Nxd5 23. cxd5 Rxd5 24. Nf1 Rxe1 25. Rxe1 Rxd3 26. Ng3 Rd1 27. Kf1 Rxe1+ 28. Kxe1 Bg6 29. h4 Kf7 30. Kd2 Ke6 31. Ne2 Kd5 32. Nf4+ Kd6 33. h5 Bf7 34. a3 c5 35. f3 c4 36. g4 Ke5 37. Ne2 Bd5 38. Ng1 Kf4 39. Ke2 Kg3 40. Ke3 Kg2 41. Ne2 Bxf3 42. Nf4+ Kg3 43. Nd5 Bxd5 44. Kd4 Kxg4 45. Kxd5 c3 46. Kc4 c2 47. Kb5 c1Q 48. Kxb6 Qc6+ 49. Ka7 b5 50. Kb8 Kf5 51. Ka7 Ke6 52. Kb8 Kd7 53. Ka7 Kc8 54. h6 Qb7# 0-1

[Event "IECC M email"]
[Site "IECC email"]
[Date "2002.04.12"]
[Round "?"]
[White "Martin, William T"]
[Black "Daugherty, Frank"]
[Result "0-1"]
[WhiteElo "1068"]
[BlackElo "1180"]
[PlyCount "60"]
[EventDate "2002.??.??"]
[EventType "tourn (corr)"]
[EventRounds "6"]
[SourceTitle "Corr 2008"]
[Source "ChessBase"]
[SourceDate "2008.06.24"]
[SourceVersion "1"]
[SourceVersionDate "2008.06.24"]
[SourceQuality "1"]

1. e4 e5 2. Nf3 Nc6 3. Bc4 Nf6 4. Nc3 Bc5 5. d3 d6 6. Bg5 Bg4 7. Bxf6 Qxf6 8. Nd5 Qd8 9. c3 Na5 10. Qa4+ c6 11. d4 Nxc4 12. dxc5 Nxb2 13. Qc2 cxd5 14. Qxb2 dxe4 15. Nd2 e3 16. fxe3 Qh4+ 17. g3 Qh6 18. Qb5+ Ke7 19. cxd6+ Qxd6 20. Ne4 Qa6 21. Qc5+ Ke6 22. Ng5+ Kf5 23. Rf1+ Kxg5 24. Qxe5+ Kg6 25. Rf2 f5 26. h3 Rhe8 27. Qd4 Rad8 28. Qf4 Bxh3 29. Rd1 Qb6 30. Rd4 Qb1+ 0-1

[Event "IECC M email"]
[Site "IECC email"]
[Date "2002.??.??"]
[Round "?"]
[White "Legarda Iturrioz, Jose Javier"]
[Black "Daugherty, Frank"]
[Result "1-0"]
[WhiteElo "1331"]
[BlackElo "1177"]
[PlyCount "85"]
[EventDate "2002.??.??"]
[EventType "tourn (corr)"]
[EventRounds "6"]
[SourceTitle "Corr 2008"]
[Source "ChessBase"]
[SourceDate "2008.06.24"]
[SourceVersion "1"]
[SourceVersionDate "2008.06.24"]
[SourceQuality "1"]

1. e4 e5 2. Nf3 Nc6 3. Bb5 Nf6 4. 0-0 Bc5 5. c3 Nxe4 6. Qe2 Bxf2+ 7. Kh1 d5 8. c4 Bg4 9. d3 Ng3+ 10. hxg3 Bxg3 11. cxd5 Bxf3 12. gxf3 Qh4+ 13. Kg1 0-0 14. dxc6 bxc6 15. Bc4 Rad8 16. Nc3 Rd6 17. Ne4 Rg6 18. Bg5 Bh2+ 19. Qxh2 Rxg5+ 20. Nxg5 Qxg5+ 21. Qg2 Qe3+ 22. Kh1 Qh6+ 23. Qh2 Qg5 24. f4 exf4 25. Rxf4 Qe7 26. Raf1 Kh8 27. Rxf7 Rxf7 28. Rxf7 Qe1+ 29. Qg1 Qh4+ 30. Kg2 Qg5+ 31. Kf3 Qh5+ 32. Qg4 Qh1+ 33. Ke2 Qh2+ 34. Rf2 Qe5+ 35. Qe4 Qxb2+ 36. Ke3 Qc1+ 37. Kf3 Qd1+ 38. Kg2 Qg4+ 39. Qxg4 g6 40. Qe6 Kg7 41. Qf6+ Kh6 42. Rf4 c5 43. Rh4# 1-0

[Event "IECC M email"]
[Site "IECC email"]
[Date "2001.04.30"]
[Round "?"]
[White "Cobb, Adam"]
[Black "Daugherty, Frank"]
[Result "0-1"]
[WhiteElo "1000"]
[BlackElo "1191"]
[PlyCount "44"]
[EventDate "2001.??.??"]
[EventType "tourn (corr)"]
[EventRounds "6"]
[SourceTitle "Corr 2008"]
[Source "ChessBase"]
[SourceDate "2008.06.24"]
[SourceVersion "1"]
[SourceVersionDate "2008.06.24"]
[SourceQuality "1"]

1. e4 c5 2. c3 e5 3. Nf3 d6 4. d4 cxd4 5. cxd4 Nc6 6. d5 Nb8 7. Nc3 Nf6 8. Bb5+ Nbd7 9. 0-0 Be7 10. Be3 a6 11. Bd3 0-0 12. Rc1 Ng4 13. Bd2 Nc5 14. Bc2 Qb6 15. h3 Nf6 16. Rb1 a5 17. Be3 Bd7 18. Nd2 Qc7 19. Nb3 Rfc8 20. Nxc5 dxc5 21. Ba4 Rcb8 22. Bxd7 Qxd7 0-1

[Event "IECC M email"]
[Site "IECC email"]
[Date "2000.11.29"]
[Round "?"]
[White "Daugherty, Frank"]
[Black "Wolverson, Jim"]
[Result "0-1"]
[WhiteElo "1151"]
[BlackElo "1000"]
[PlyCount "70"]
[EventDate "2000.??.??"]
[EventType "tourn (corr)"]
[EventRounds "2"]
[SourceTitle "Corr 2008"]
[Source "ChessBase"]
[SourceDate "2008.06.24"]
[SourceVersion "1"]
[SourceVersionDate "2008.06.24"]
[SourceQuality "1"]

1. e4 e5 2. Nf3 Nc6 3. Nc3 Nf6 4. Bc4 Nxe4 5. Nxe4 d5 6. Bb5 a6 7. Bxc6+ bxc6 8. Ng3 e4 9. Ne5 Bd6 10. Nxc6 Qf6 11. Na5 0-0 12. c4 Qd4 13. cxd5 Qxd5 14. Nb3 a5 15. Qh5 f5 16. Ne2 a4 17. Nbd4 Ba6 18. Nc2 Qd3 19. Ncd4 c5 20. Ne6 g6 21. N2f4 Bxf4 22. Nxf4 gxh5 23. Nxd3 Bxd3 24. f3 exf3 25. gxf3 Rfe8+ 26. Kf2 Re2+ 27. Kg3 Ra6 28. Kf4 Rd6 29. b3 Rd4+ 30. Kg5 Rg2+ 31. Kf6 Rg6+ 32. Ke7 Bb5 33. Re1 Rd7+ 34. Ke8 Rgg7 35. Re7 Rgxe7# 0-1

[Event "IECC M email"]
[Site "IECC email"]
[Date "2000.11.29"]
[Round "?"]
[White "Wolverson, Jim"]
[Black "Daugherty, Frank"]
[Result "0-1"]
[WhiteElo "1023"]
[BlackElo "1137"]
[PlyCount "102"]
[EventDate "2000.??.??"]
[EventType "tourn (corr)"]
[EventRounds "2"]
[SourceTitle "Corr 2008"]
[Source "ChessBase"]
[SourceDate "2008.06.24"]
[SourceVersion "1"]
[SourceVersionDate "2008.06.24"]
[SourceQuality "1"]

1. e4 c5 2. Bc4 Nf6 3. Nc3 e6 4. Nf3 d5 5. exd5 exd5 6. Bb5+ Bd7 7. 0-0 d4 8. Bxd7+ Nbxd7 9. Qe1+ Be7 10. Ne4 0-0 11. d3 Re8 12. Bf4 Nd5 13. Qd2 Nf8 14. Rae1 Ne6 15. Bg5 f6 16. Bh4 g5 17. c4 Nb6 18. Bg3 f5 19. Qe2 Ng7 20. b4 cxb4 21. Be5 fxe4 22. Qxe4 Qd7 23. Qxd4 g4 24. Nd2 Rad8 25. Nb3 Qf5 26. Qb2 Ne6 27. Re4 Rxd3 28. Qe2 Ng5 29. Rxg4 Bd8 30. Nc1 Rc3 31. Rd4 Nd7 32. Nd3 Rxd3 33. Rxd3 Nxe5 34. Rd5 Ne4 35. Qe3 Bb6 36. c5 Nxc5 37. Qg3+ Kh8 38. Qh3 Qxh3 39. gxh3 Rg8+ 40. Kh1 Ne4 41. Rdd1 Nxf2+ 42. Rxf2 Bxf2 43. h4 Bxh4 44. Rf1 Nd3 45. h3 Nf2+ 46. Kh2 Rc8 47. Rb1 Rc2 48. a3 bxa3 49. Ra1 Ne4+ 50. Kh1 Ng3+ 51. Kg1 Be7 0-1

[Event "IECC M email"]
[Site "IECC email"]
[Date "2000.08.22"]
[Round "?"]
[White "Budimir, Andrew"]
[Black "Daugherty, Frank"]
[Result "1-0"]
[WhiteElo "1178"]
[BlackElo "1095"]
[PlyCount "86"]
[EventDate "2000.??.??"]
[EventType "tourn (corr)"]
[EventRounds "2"]
[SourceTitle "Corr 2008"]
[Source "ChessBase"]
[SourceDate "2008.06.24"]
[SourceVersion "1"]
[SourceVersionDate "2008.06.24"]
[SourceQuality "1"]

1. e4 c5 2. Nf3 d6 3. Bc4 Nf6 4. d4 Nxe4 5. Qd3 d5 6. Bb5+ Nc6 7. Ne5 Qb6 8. c4 a6 9. cxd5 Qxb5 10. Qxe4 Nxd4 11. Nc3 Qb6 12. Nc4 Qd8 13. Be3 Bf5 14. Qf4 Nc2+ 15. Ke2 Nxa1 16. Qxf5 g6 17. Qe5 Rg8 18. Rxa1 b5 19. Nd2 Bg7 20. Qe4 Rc8 21. Bg5 c4 22. Rd1 h6 23. Bh4 Qd6 24. Bg3 Qd7 25. Qe3 b4 26. Nce4 Kf8 27. d6 e6 28. Nc5 Qc6 29. d7 Rd8 30. Nxc4 Rh8 31. Bd6+ Kg8 32. Be7 Kh7 33. Bxd8 Rxd8 34. f3 Bf8 35. Ne5 Qb5+ 36. Ncd3 b3 37. axb3 f6 38. Ng4 Bg7 39. Qxe6 Kh8 40. Nxf6 Rb8 41. Rc1 Rf8 42. Rc8 Qb8 43. Rxb8 Rxb8 1-0

[Event "IECC M email"]
[Site "IECC email"]
[Date "2000.08.20"]
[Round "?"]
[White "Renaud, Paquay"]
[Black "Daugherty, Frank"]
[Result "0-1"]
[WhiteElo "987"]
[BlackElo "1083"]
[PlyCount "40"]
[EventDate "2000.??.??"]
[EventType "tourn (corr)"]
[EventRounds "2"]
[SourceTitle "Corr 2008"]
[Source "ChessBase"]
[SourceDate "2008.06.24"]
[SourceVersion "1"]
[SourceVersionDate "2008.06.24"]
[SourceQuality "1"]

1. c4 e5 2. Nc3 Nf6 3. d3 d6 4. Nf3 Nc6 5. e4 Be7 6. Be2 b6 7. 0-0 0-0 8. Be3 Ng4 9. Nd5 Nxe3 10. Nxe3 Be6 11. Nc2 f5 12. b4 fxe4 13. dxe4 a5 14. Qb1 axb4 15. Nxb4 Nxb4 16. Qxb4 Qe8 17. a4 Qg6 18. Nd2 Bh3 19. Bf3 Rxf3 20. Nxf3 Qxg2# 0-1

[Event "IECC M email"]
[Site "IECC email"]
[Date "2000.03.05"]
[Round "?"]
[White "Daugherty, Frank"]
[Black "Copin, Jean Christophe"]
[Result "1-0"]
[WhiteElo "1059"]
[BlackElo "1045"]
[PlyCount "45"]
[EventDate "2000.??.??"]
[EventType "tourn (corr)"]
[EventRounds "2"]
[SourceTitle "Corr 2008"]
[Source "ChessBase"]
[SourceDate "2008.06.24"]
[SourceVersion "1"]
[SourceVersionDate "2008.06.24"]
[SourceQuality "1"]

1. e4 c5 2. Nf3 d6 3. Nc3 e5 4. Bc4 Be7 5. d3 Nc6 6. 0-0 Nh6 7. Bxh6 gxh6 8. Qd2 Bg4 9. Qxh6 Bxf3 10. gxf3 Rg8+ 11. Kh1 Qd7 12. Nd5 0-0-0 13. Qxh7 Rh8 14. Qxf7 Qh3 15. Qf5+ Qxf5 16. exf5 Rh6 17. Rg1 Rdh8 18. Rg2 Rf8 19. Rg6 Rh5 20. Rag1 Kd7 21. f6 Rf5 22. fxe7 Nxe7 23. Rg7 1-0

[Event "IECC M email"]
[Site "IECC email"]
[Date "2000.03.04"]
[Round "?"]
[White "Cranston, David"]
[Black "Daugherty, Frank"]
[Result "0-1"]
[WhiteElo "1034"]
[BlackElo "1088"]
[PlyCount "56"]
[EventDate "2000.??.??"]
[EventType "tourn (corr)"]
[EventRounds "2"]
[SourceTitle "Corr 2008"]
[Source "ChessBase"]
[SourceDate "2008.06.24"]
[SourceVersion "1"]
[SourceVersionDate "2008.06.24"]
[SourceQuality "1"]

1. d4 Nc6 2. e3 d5 3. g3 Nf6 4. Bg2 e5 5. Nf3 Bd6 6. 0-0 Be6 7. b3 0-0 8. Bb2 e4 9. Ne5 Bxe5 10. dxe5 Ng4 11. Ba3 Re8 12. c3 Ncxe5 13. Qe2 Nd3 14. Nd2 c6 15. c4 Qa5 16. Bd6 Rad8 17. cxd5 cxd5 18. Bf4 Rc8 19. f3 Nxf4 20. exf4 Rc2 21. fxg4 Rxd2 22. Qe3 Bxg4 23. Rfd1 Bxd1 24. f5 Re2 25. Qd4 Qe1+ 26. Bf1 e3 27. Qa4 Qf2+ 28. Kh1 Qxf1# 0-1

[Event "IECC M email"]
[Site "IECC email"]
[Date "1999.09.14"]
[Round "?"]
[White "Daugherty, Frank"]
[Black "Tomov, Bostjan"]
[Result "1-0"]
[WhiteElo "930"]
[BlackElo "1041"]
[PlyCount "143"]
[EventDate "1999.??.??"]
[EventType "tourn (corr)"]
[EventRounds "6"]
[SourceTitle "Corr 2008"]
[Source "ChessBase"]
[SourceDate "2008.06.24"]
[SourceVersion "1"]
[SourceVersionDate "2008.06.24"]
[SourceQuality "1"]

1. e4 d5 2. Nc3 d4 3. Nce2 e5 4. Nf3 f6 5. Ng3 Be6 6. Bb5+ c6 7. Be2 Bc5 8. 0-0 Ne7 9. b3 0-0 10. Ne1 Nd7 11. Nd3 Bb6 12. Ba3 Ba5 13. Bg4 Bxg4 14. Qxg4 Bxd2 15. Nf5 Nxf5 16. Bxf8 Bc3 17. Rad1 Kxf8 18. Qxf5 g6 19. Qh3 Qe7 20. f4 Kg8 21. fxe5 fxe5 22. Rf3 Rf8 23. Rxf8+ Kxf8 24. Rf1+ Ke8 25. a3 Kd8 26. b4 a5 27. bxa5 Bxa5 28. a4 b6 29. Kh1 Bc3 30. Qg3 Ke8 31. Nf2 Qf7 32. Kg1 Qa2 33. Qh4 h5 34. Qg5 Qe6 35. g3 Bb4 36. Nd3 Be7 37. Qh6 Qg8 38. h3 Bd6 39. Rf3 Be7 40. Kg2 Bf8 41. Qg5 Be7 42. Qc1 Qa2 43. Rf2 Bf6 44. Qh6 Qf7 45. Nb4 Nc5 46. Nxc6 Qg7 47. Qxg7 Bxg7 48. Rf1 Nxa4 49. Ra1 b5 50. Kf3 Kf7 51. Ra3 Nc3 52. Ra7+ Kf6 53. Ra6 Kf7 54. Nd8+ Kg8 55. Rxg6 Kh7 56. Rb6 Nb1 57. Ne6 Nd2+ 58. Ke2 Nxe4 59. Rb7 Nxg3+ 60. Kf3 Nf5 61. Nxg7 Nxg7 62. Ke4 Kg6 63. Rxb5 Nf5 64. Rxe5 Ne3 65. Kxd4 Nxc2+ 66. Ke4 Kh6 67. Kf4 Nd4 68. Re4 Nb3 69. Re6+ Kg7 70. Kg5 Kf7 71. Rh6 Nd4 72. Rf6+ 1-0